Central Library OPAC University of Rajshahi

Johannes Gutenberg : (Record no. 68346)

MARC details
000 -LEADER
fixed length control field 00659nam a2200229 a 4500
001 - CONTROL NUMBER
control field 68346
003 - CONTROL NUMBER IDENTIFIER
rucl marc code BD-RjUL
005 - DATE AND TIME OF LATEST TRANSACTION
control field 20211209081747.0
008 - FIXED-LENGTH DATA ELEMENTS--GENERAL INFORMATION
fixed length control field 170402r19471939enka| | 0 1 a0eng c
035 ## - SYSTEM CONTROL NUMBER
System control number (BD-RjUL)68556
040 ## - CATALOGING SOURCE
Original cataloging agency NhD
Language of cataloging eng
Transcribing agency NhD
Modifying agency BD-RjUL
041 ## - LANGUAGE CODE
Language code of text/sound track or separate title eng
082 ## - DEWEY DECIMAL CLASSIFICATION NUMBER
Edition number 23
Classification number 926.55
Author mark and year RUJ 1947
100 1# - MAIN ENTRY--PERSONAL NAME
Personal name Ruppel, Aloys
9 (RLIN) 202626
245 00 - TITLE STATEMENT
Title Johannes Gutenberg :
Remainder of title sein Leben und sein Werk /
Statement of responsibility, etc. Aloys Ruppel
260 ## - PUBLICATION, DISTRIBUTION, ETC. (IMPRINT)
Place of publication, distribution, etc. Berlin :
Name of publisher, distributor, etc. Verlag Gebr Mann,
Date of publication, distribution, etc. 1939, c1947
300 ## - PHYSICAL DESCRIPTION
Pagination 230 p. :
Illustrations ill.;
Size 26 cm
500 ## - GENERAL NOTE
General note Includes index.
600 ## - SUBJECT ADDED ENTRY--PERSONAL NAME
Personal name Gutenberg, Johann, 1397?-1468
650 ## - SUBJECT ADDED ENTRY--TOPICAL TERM
Topical term or geographic name as entry element Printing
9 (RLIN) 202628
942 ## - ADDED ENTRY ELEMENTS (KOHA)
Source of classification or shelving scheme Dewey Decimal Classification
Koha item type Books
Holdings
Lost status Source of classification or shelving scheme Damaged status Not for loan Collection code Permanent Location Current Location Shelving location Date acquired Source of acquisition Cost, normal purchase price Total Checkouts Full call number Date last seen Copy number Koha item type
  Dewey Decimal Classification   Not For Loan Non-fiction Central Library, University of Rajshahi Central Library, University of Rajshahi Reading Room 08/03/1967 Zeitlinger 42.00   686.1092 RUJ 1947 02/04/2017 C-1 Books